00434nam a2200157Ia 4500001001000000003000500010008004100015010001100056040000900067100001800076245004400094260004600138300000900184440003700193650004600230Para_5350CHAP220125s1937 xx 000 0 und d a202113 cCHAP aElmore, J. C. aThe tomato pinworm /c by J. C. Elmore aWashington :b Department of Agriculture a8 p. aEUA. Dep. of Agri. Circular; 440 aKeiferia lycopersicella Tomate x Plagas